000 00746nam a22002177a 4500
999 _c12306
_d12306
003 AR-CdUCM
008 190408b ||||| |||| 00| 0 spa d
040 _aMUNICIPALIDAD PROVINCIAL DEL CUSCO
_cBIBLIOTECA MUNICIPAL DEL CUSCO
082 _aC / 808.5 /
_bG96 / 1928
100 _aGuitierres , Juan Maria
_930105
110 _aInstituto de literatura Argentina
_927852
245 _aEl hombre hormiga :
_bEl capitán de patricios /
260 _aBuenos Aires :
_bImprenta de la universidad,
_c1928.
300 _a87 paginas :
_c22 cm.
440 _aSección de documentos
_nSerie 4 - Novela
_930106
505 _aContenido :Novela /
650 _aLiteratura
_9416
650 _aNovela
_95
942 _2ddc
_cLIBROS
945 _arjall
_d2019-04-08